Zvyšovanie atraktívnosti regiónu Gemer prostredníctvom produktov cestovného ruchu bakalárska práca

Uložené v:
Podrobná bibliografia
Hlavný autor: Dudášová, Malvína
Korporativný autor: Obchodná fakulta EU. Katedra tovaroznalectva a kvality tovaru
Ďalší autori: Krnáčová, Paulína, 1983-
Médium: Kniha
Jazyk:Slovak
Vydavateľské údaje: Bratislava 2017
Tagy: Pridať tag
Žiadne tagy, Buďte prvý, kto otaguje tento záznam!

MARC

LEADER 00000nbm a2200000 4500
001 0232821
005 20171003144035.2
041 0 |a slo 
044 |a SK 
245 1 0 |a Zvyšovanie atraktívnosti regiónu Gemer prostredníctvom produktov cestovného ruchu  |b bakalárska práca  |c Malvína Dudášová ; školiteľ: Paulína Krnáčová 
264 1 |a Bratislava  |c 2017 
300 |a 48 s. 
100 1 |a Dudášová, Malvína 
700 1 |a Krnáčová, Paulína, 1983- 
710 2 |a Obchodná fakulta EU. Katedra tovaroznalectva a kvality tovaru